| 000 | 00363nam a2200145Ia 4500 | ||
|---|---|---|---|
| 008 | 220217s9999||||xx |||||||||||||| ||und|| | ||
| 020 | _a81-7635-556-9 | ||
| 082 | _a6.6 KEL | ||
| 100 |
_aKelby, Scott _92840 |
||
| 245 | 0 | _aPhotoshop 6 down dirty tricks | |
| 250 | _a1st | ||
| 260 |
_aTechmedia _bNew Delhi _c2001 |
||
| 300 | _b280 | ||
| 650 | _aMULTIMEDIA | ||
| 999 |
_c170110 _d170110 |
||